• 首页
  • 本馆介绍
  • 公告通知
  • 最新文献
  • 馆藏检索
  • 电子资源
  • 读者导购
  • 参考咨询
  • 我的图书馆
  • 登录
  • 详细信息显示
  • 放入我的书架
  • 预约/预借图书
  • 作者相关作品
  • 分类相关作品
  • 丛书相关作品
  • 出版社相关作品

书目信息

  • 表格格式
  • 工作单格式
  • 卡片格式
题名:
多维视野下的梁启超研究
    
 
作者: 彭树欣 著
分册:  
出版信息: 成都   电子科技大学出版社  2014
页数: 235页
开本: 24cm
丛书名: 文学研究丛书
单 册:
中图分类: B259.15
科图分类:
主题词:
电子资源:
ISBN: 978-7-5647-1907-4
000 00855nam0 22002531 450
001 349959
005 20161008155520.39
010    @a978-7-5647-1907-4@dCNY45.00
100    @a20140728d2014 em y0chiy50 ea
101 0  @achi
102    @aCN@b510000
105    @ay z 000yd
106    @ar
200 1  @a多维视野下的梁启超研究@ADuo Wei Shi Ye Xia De Liang Qi Chao Yan Jiu@f彭树欣著
210    @a成都@c电子科技大学出版社@d2014
215    @a235页@d24cm
225 2  @a文学研究丛书@AWen Xue Yan Jiu Cong Shu
330    @a本书按研究主题分列章节,探讨了梁启超的文献学、目录学、辨伪学、哲学、文学、文化学和新闻学思想。
461  0 @12001 @a文学研究丛书
600  0 @a梁启超@ALiang Qi Chao@f(1873-1929)@x人物研究
690    @aB259.15@v5
701  0 @a彭树欣@APeng Shu Xin@f(1968~)@4著
801  0 @aCN@bTANGWEI@20160802
905    @b0887620-4@dB259.15@e68@f5
    
    多维视野下的梁启超研究/彭树欣著.-成都:电子科技大学出版社,2014
    235页;24cm.-(文学研究丛书)
    
    
    ISBN 978-7-5647-1907-4:CNY45.00
    本书按研究主题分列章节,探讨了梁启超的文献学、目录学、辨伪学、哲学、文学、文化学和新闻学思想。
●
相关链接 在E读中查询图书 在五车中查询图书 在当当中查询图书 在豆瓣中查询图书


正题名:多维视野下的梁启超研究     索取号:B259.15/68         预约/预借

序号 登录号 条形码 馆藏地/架位号 状态 备注
1 0887620   208876206   第一样本阅览室/ [索取号:B259.15/68] 在馆    
2 0887621   208876215   第一借阅区/ [索取号:B259.15/68] 在馆    
3 0887622   208876224   第一借阅区/ [索取号:B259.15/68] 在馆    
4 0887623   208876233   第一借阅区/ [索取号:B259.15/68] 在馆    
5 0887624   208876242   第一借阅区/ [索取号:B259.15/68] 在馆    
唐山师范学院图书馆 欢迎您!
大连网信软件有限公司© 版权所有